| 000 | 01372nam a2200325 i 4500 | ||
|---|---|---|---|
| 001 | 183986 | ||
| 003 | ES-MaACL | ||
| 005 | 20251017063115.0 | ||
| 008 | 150127s1999 sp abo c |||| ||spa d | ||
| 017 |
_aS 1257-1999 _bOficina Depósito Legal Salamanca |
||
| 020 | _a84-920047-9-7 | ||
| 080 | _a621.223(460.184) | ||
| 100 | 1 |
_aFuentes Ganzo, Eduardo, _d1961- _9156224 |
|
| 245 | 1 | 0 |
_aMolinos tradicionales del norte de Zamora / _cEduardo Fuentes Ganzo, Armando Fuentes Ganzo ; fotografías de Juan José González Vega. |
| 260 |
_aBenavente : _bCentro de Estudios Benaventanos "Ledo del Pozo", _c1999. |
||
| 300 |
_a125 p. : _bil. col., fot. ; _c24 cm. |
||
| 490 | 1 |
_aExposiciones y catálogos ; _v2 |
|
| 500 | _aGlosario. | ||
| 504 | _aBibliografía: p. 123-125. | ||
| 650 | 0 | 7 |
_aMolinos de agua- _zEspaña. _915137 |
| 655 | 7 |
_2tgfbne _9193628 _aCatálogos de exposiciones |
|
| 700 | 1 |
_aFuentes Ganzo, Armando. _9156225 |
|
| 700 | 1 |
_aGonzález Vega, Juan José. _9156226 |
|
| 710 | 2 |
_aCentro de Estudios Benaventanos "Ledo del Pozo" _9144530 |
|
| 830 | 0 | 0 |
_aExposiciones y catálogos _v2 _9187714 |
| 852 |
_aES-MaACL _jA-13336 _9190951 _bR.150333 _cDEPO1 _dOlim: N-6336 _hDonación: Centro de Estudios Benaventanos |
||
| 914 |
_9144530 _aCentro de Estudios Benaventanos "Ledo del Pozo" _ednr |
||
| 942 |
_2udc _cMONOGRAFIA |
||
| 999 |
_c183986 _d183986 |
||